[Event "Wch U12"]
[Site "Montesilvano"]
[Date "2024.11.20"]
[Round "6"]
[White "Liu, Richard Jingjie"]
[Black "Nguyen, Khoi"]
[Result "0-1"]
[WhiteElo "1795"]
[BlackElo "1994"]
[PlyCount "56"]
[EventDate "2024.11.15"]
[EventType "swiss"]
[EventRounds "11"]
[EventCountry "ITA"]
[SourceTitle "CB48_2024"]
[SourceDate "2024.11.28"]
[SourceVersion "1"]
[SourceVersionDate "2024.11.28"]
[SourceQuality "1"]

1. e4 e6 2. d4 d5 3. e5 c5 4. c3 Nc6 5. Nf3 Bd7 6. a3 Nge7 7. Bd3 cxd4 8. cxd4 Nf5 9. Bxf5 exf5 10. Nc3 Be6 11. 0-0 Be7 12. Ne1 Qb6 13. Nc2 0-0 14. Kh1 Rac8 15. f4 Na5 16. Ne3 Rfd8 17. g4 Nc4 18. Na4 Qc7 19. Nxf5 Bxf5 20. gxf5 Qd7 21. b3 Na5 22. Bd2 Nc6 23. f6 gxf6 24. Rg1+ Kh8 25. Qh5 Rg8 26. Qxf7 Nxd4 27. exf6 Qh3 28. Raf1 Nf3 0-1

[Event "Bruges op"]
[Site "Bruges"]
[Date "2024.08.13"]
[Round "6"]
[White "Boulahfa, Hicham"]
[Black "Nguyen, Khoi"]
[Result "1-0"]
[WhiteElo "2183"]
[BlackElo "2108"]
[PlyCount "89"]
[EventDate "2024.08.10"]
[EventType "swiss"]
[EventRounds "9"]
[EventCountry "BEL"]
[SourceTitle "CBM 221 Extra"]
[Source "ChessBase"]
[SourceDate "2024.09.30"]
[SourceVersion "1"]
[SourceVersionDate "2024.09.30"]
[SourceQuality "1"]

1. e4 e6 2. d4 d5 3. Nc3 Bb4 4. Nge2 dxe4 5. a3 Bxc3+ 6. Nxc3 Nc6 7. d5 exd5 8. Qxd5 Be6 9. Qxd8+ Rxd8 10. Nxe4 Nd4 11. Bd3 Bc4 12. Bxc4 Nxc2+ 13. Ke2 Nxa1 14. Rd1 Nc2 15. Bxf7+ Ke7 16. Bxg8 Nd4+ 17. Kf1 Rhxg8 18. Bg5+ Kf7 19. Bxd8 Rxd8 20. f4 h6 21. Kf2 Ne6 22. Rxd8 Nxd8 23. Ke3 b6 24. g4 Ke6 25. Ng3 Nf7 26. f5+ Kf6 27. Nh5+ Kg5 28. h3 Nd6 29. Nxg7 Nc4+ 30. Kd4 Nxb2 31. h4+ Kf6 32. Ne8+ Kf7 33. Nxc7 Nd1 34. g5 hxg5 35. hxg5 Nf2 36. Nb5 a6 37. Nd6+ Kg7 38. Ne4 Ng4 39. Kd5 Ne3+ 40. Ke6 Nc4 41. f6+ Kf8 42. g6 Nxa3 43. g7+ Kg8 44. f7+ Kxg7 45. Ke7 1-0

[Event "BEL-chT 2324"]
[Site "Belgium"]
[Date "2023.12.03"]
[Round "5.8"]
[White "Nguyen, Khoi"]
[Black "Sidiropoulos, Nikolaos1"]
[Result "1/2-1/2"]
[WhiteElo "1898"]
[BlackElo "2210"]
[PlyCount "145"]
[EventDate "2023.09.24"]
[EventType "team-tourn"]
[EventRounds "11"]
[EventCountry "BEL"]
[SourceTitle "EXT 2025"]
[Source "ChessBase"]
[SourceDate "2024.10.14"]
[SourceVersion "1"]
[SourceVersionDate "2024.10.14"]
[SourceQuality "1"]
[WhiteTeam "Leuven Centraal"]
[BlackTeam "Crelel"]
[WhiteTeamCountry "BEL"]
[BlackTeamCountry "BEL"]

1. d4 Nf6 2. c4 g6 3. Nc3 d5 4. Nf3 Bg7 5. Bg5 Ne4 6. cxd5 Nxg5 7. Nxg5 e6 8. Qd2 h6 9. Nh3 exd5 10. Nf4 0-0 11. e3 c5 12. dxc5 d4 13. 0-0-0 dxc3 14. Qxd8 cxb2+ 15. Kb1 Bf5+ 16. Qd3 Rd8 17. Be2 Bxd3+ 18. Nxd3 Na6 19. Nxb2 Nxc5 20. Rxd8+ Rxd8 21. Rd1 Rxd1+ 22. Nxd1 Kf8 23. Kc2 Ke7 24. Bf3 Kd6 25. Be2 g5 26. Nb2 Bxb2 27. Kxb2 Ke5 28. Kc2 f5 29. Bc4 f4 30. exf4+ gxf4 31. Be2 Kd4 32. g3 Ne4 33. Bf3 Nxf2 34. Bxb7 fxg3 35. hxg3 Ne4 36. g4 Ke5 37. Bc8 Kf4 38. Kb3 Nf6 39. g5 hxg5 40. Kb4 Ke5 41. Kc5 Ne4+ 42. Kc6 Kd4 43. a4 Kc4 44. a5 Kb4 45. a6 Nc5 46. Kd5 Kb5 47. Ke5 Nxa6 48. Bd7+ Kb6 49. Kf5 Nc5 50. Be8 Ne6 51. Bd7 Nf8 52. Be8 Nh7 53. Bg6 Nf8 54. Be8 Nh7 55. Bg6 Nf6 56. Kxg5 Nd5 57. Be8 a5 58. Kf5 Kc5 59. Ke5 Nc7 60. Ba4 Nb5 61. Bb3 Kb4 62. Bc2 Kc4 63. Bd1 Na3 64. Ba4 Nb5 65. Bd1 Kb4 66. Bc2 Nc7 67. Kd6 Na6 68. Kc6 Nc5 69. Kb6 Ne6 70. Ka6 Nd4 71. Bd1 Nf5 72. Bc2 Ne3 73. Bb3 1/2-1/2